000
00216 a2200097 4500
001
55389
100
_a
245
_a
introduction to nanotechnology
260
_a
Delhi
_b
IIIFEE
_c
2007
090
_c
34384
_d
34384
942
_a
NUST-CAE
_c
MONOGRAPH
_c
27096
999
_c
290462
_d
290462